[Event "HSG Open 2017"]
[Site "Hilversum"]
[Date "2017.06.24"]
[Round "3.7"]
[White "Schoehuijs, Erik"]
[Black "Van de Griendt, Jan Willem"]
[Result "0-1"]
[BlackElo "2360"]
[WhiteElo "2115"]
[LiveChessVersion "1.4.8"]

1. d4 {[%clk 1:20:47]} Nf6 {[%clk 1:44:58]} 2. c4 {[%clk 1:20:54]} c5
{[%clk 1:44:44]} 3. d5 {[%clk 1:20:57]} b5 {[%clk 1:44:49]} 4. Qc2
{[%clk 1:20:59]} d6 {[%clk 1:41:52]} 5. e4 {[%clk 1:20:47]} g6 {[%clk 1:40:15]}
6. cxb5 {[%clk 1:19:18]} a6 {[%clk 1:34:50]} 7. Nc3 {[%clk 1:19:21]} Bg7
{[%clk 1:34:46]} 8. Nf3 {[%clk 1:16:21]} O-O {[%clk 1:34:31]} 9. Be2
{[%clk 1:14:26]} axb5 {[%clk 1:20:09]} 10. Bxb5 {[%clk 1:14:26]} Ba6
{[%clk 1:20:11]} 11. Bxa6 {[%clk 1:05:45]} Nxa6 {[%clk 1:18:16]} 12. O-O
{[%clk 1:01:23]} Qb6 {[%clk 1:15:41]} 13. Bg5 {[%clk 0:54:25]} h6
{[%clk 1:03:56]} 14. Bh4 {[%clk 0:48:20]} Rfb8 {[%clk 1:03:06]} 15. Rfb1
{[%clk 0:45:25]} Nb4 {[%clk 0:59:53]} 16. Qd1 {[%clk 0:41:16]} c4
{[%clk 0:53:48]} 17. a3 {[%clk 0:37:31]} Nd3 {[%clk 0:49:30]} 18. Ne1
{[%clk 0:30:26]} Nxb2 {[%clk 0:42:19]} 19. Qc2 {[%clk 0:29:27]} Qa5
{[%clk 0:31:43]} 20. f3 {[%clk 0:22:09]} Nd7 {[%clk 0:22:26]} 21. Ne2
{[%clk 0:20:13]} Nc5 {[%clk 0:22:05]} 22. Bf2 {[%clk 0:14:19]} Ncd3
{[%clk 0:19:10]} 23. Ra2 {[%clk 0:12:48]} Nxf2 {[%clk 0:15:47]} 24. Kxf2
{[%clk 0:12:56]} Rb3 {[%clk 0:12:05]} 25. Kf1 {[%clk 0:11:19]} Nd3
{[%clk 0:11:21]} 26. Nxd3 {[%clk 0:10:51]} Rxd3 {[%clk 0:07:22]} 27. Qxc4
{[%clk 0:10:54]} Rxa3 {[%clk 0:07:26]} 28. Rxa3 {[%clk 0:10:20]} Qxa3
{[%clk 0:07:35]} 29. Qc7 {[%clk 0:08:18]} Bf6 {[%clk 0:05:03]} 30. Rb8+
{[%clk 0:06:20]} Rxb8 {[%clk 0:05:09]} 31. Qxb8+ {[%clk 0:06:25]} Kg7
{[%clk 0:05:15]} 32. Qc8 {[%clk 0:04:08]} Qd3 {[%clk 0:04:48]} 33. Kf2
{[%clk 0:04:00]} Qd1 {[%clk 0:03:18]} 34. g3 {[%clk 0:03:26]} h5 {[%clk 0:03:13]}
35. Qh3 {[%clk 0:03:07]} Qc2 {[%clk 0:02:55]} 36. Qf1 {[%clk 0:03:11]} e6
{[%clk 0:02:48]} 37. Qc1 {[%clk 0:02:52]} Qa2 {[%clk 0:01:31]} 38. Qd1
{[%clk 0:02:48]} h4 {[%clk 0:01:26]} 39. Kg2 {[%clk 0:02:53]} exd5
{[%clk 0:01:24]} 40. exd5 {[%clk 0:02:57]} Qc4 {[%clk 0:01:23]} 41. Qd2
{[%clk 0:02:38]} Be5 {[%clk 0:01:27]} 42. Qd1 {[%clk 0:02:22]} Qa2
{[%clk 0:01:30]} 43. Qd3 {[%clk 0:02:30]} Bf6 {[%clk 0:01:17]} 44. Qe4
{[%clk 0:02:37]} Qd2 {[%clk 0:01:18]} 45. gxh4 {[%clk 0:02:32]} Qh6
{[%clk 0:00:55]} 46. Kg3 {[%clk 0:02:35]} Be5+ {[%clk 0:00:59]} 47. Kg2
{[%clk 0:02:44]} f5 {[%clk 0:01:05]} 48. Qc4 {[%clk 0:02:48]} Qe3
{[%clk 0:01:07]} 49. Qc2 {[%clk 0:01:37]} Kf6 {[%clk 0:01:07]} 50. Qc4
{[%clk 0:01:40]} Qd2 {[%clk 0:01:05]} 51. f4 {[%clk 0:01:36]} Bxf4
{[%clk 0:00:49]} 52. Qa6 {[%clk 0:00:15]} Be5 {[%clk 0:00:53]} 53. Qc4
{[%clk 0:00:23]} Qe3 {[%clk 0:00:54]} 54. Qb5 {[%clk 0:00:29]} f4
{[%clk 0:00:59]} 55. Ng1 {[%clk 0:00:33]} Bd4 {[%clk 0:01:00]} 56. Qf1
{[%clk 0:00:42]} Qxg1+ {[%clk 0:01:03]} 57. Qxg1 {[%clk 0:00:50]} Bxg1
{[%clk 0:01:12]} 58. Kxg1 {[%clk 0:00:59]} Ke5 {[%clk 0:01:22]} 0-1

[Event "HSG Open 2017"]
[Site "Hilversum"]
[Date "2017.06.24"]
[Round "3.8"]
[White "Nagtegaal, Kees"]
[Black "Mitran, Anthony Cristian"]
[Result "1/2-1/2"]
[BlackElo "2052"]
[WhiteElo "2286"]
[LiveChessVersion "1.4.8"]

1. e4 {[%clk 1:49:41]} c5 {[%clk 1:46:08]} 2. Nf3 {[%clk 1:48:41]} Nc6
{[%clk 1:46:14]} 3. Bb5 {[%clk 1:48:40]} g6 {[%clk 1:44:49]} 4. O-O
{[%clk 1:46:35]} Bg7 {[%clk 1:44:42]} 5. Re1 {[%clk 1:43:49]} Qb6
{[%clk 1:39:31]} 6. Na3 {[%clk 1:37:44]} a6 {[%clk 1:30:31]} 7. Bxc6
{[%clk 1:32:48]} Qxc6 {[%clk 1:28:19]} 8. d4 {[%clk 1:30:29]} cxd4
{[%clk 1:23:05]} 9. Nxd4 {[%clk 1:22:37]} Qa4 {[%clk 1:16:02]} 10. e5
{[%clk 1:19:15]} d6 {[%clk 1:09:26]} 11. b3 {[%clk 1:16:51]} Qd7 {[%clk 1:02:35]}
12. exd6 {[%clk 1:08:38]} Qxd6 {[%clk 1:02:43]} 13. c3 {[%clk 1:08:04]} b5
{[%clk 0:48:07]} 14. Qf3 {[%clk 0:54:35]} Qb8 {[%clk 0:44:45]} 15. Bf4
{[%clk 0:41:56]} Qb7 {[%clk 0:41:07]} 16. Qd3 {[%clk 0:30:26]} Nf6
{[%clk 0:26:09]} 17. c4 {[%clk 0:23:39]} bxc4 {[%clk 0:20:54]} 18. Nxc4
{[%clk 0:23:01]} O-O {[%clk 0:19:56]} 19. Be5 {[%clk 0:18:06]} Bd7
{[%clk 0:18:07]} 20. Rad1 {[%clk 0:17:05]} Bb5 {[%clk 0:16:45]} 21. a4
{[%clk 0:13:57]} Bxc4 {[%clk 0:16:53]} 22. bxc4 {[%clk 0:12:54]} Rac8
{[%clk 0:15:50]} 23. Rb1 {[%clk 0:11:12]} Qd7 {[%clk 0:15:59]} 24. Qb3
{[%clk 0:09:30]} Nh5 {[%clk 0:13:57]} 25. Bxg7 {[%clk 0:09:26]} Nxg7
{[%clk 0:14:01]} 26. Nf3 {[%clk 0:09:13]} Qc7 {[%clk 0:13:07]} 27. Rbc1
{[%clk 0:08:28]} Ne6 {[%clk 0:12:55]} 28. Qe3 {[%clk 0:07:43]} Rfe8
{[%clk 0:09:38]} 29. Ne5 {[%clk 0:07:10]} Ng7 {[%clk 0:08:26]} 30. Qf3
{[%clk 0:05:48]} f6 {[%clk 0:08:16]} 31. Ng4 {[%clk 0:05:37]} Nf5
{[%clk 0:07:48]} 32. Qd5+ {[%clk 0:04:57]} Kg7 {[%clk 0:07:56]} 33. Ne3
{[%clk 0:03:53]} 1/2-1/2

[Event "HSG Open 2017"]
[Site "Hilversum"]
[Date "2017.06.24"]
[Round "3.9"]
[White "Heemskerk, Wim"]
[Black "Hilwerda, Jonas"]
[Result "0-1"]
[BlackElo "2068"]
[WhiteElo "2191"]
[LiveChessVersion "1.4.8"]

1. Nf3 {[%clk 1:50:16]} Nf6 {[%clk 1:50:15]} 2. g3 {[%clk 1:50:14]} b6
{[%clk 1:50:09]} 3. c4 {[%clk 1:50:09]} Bb7 {[%clk 1:50:05]} 4. Bg2
{[%clk 1:50:13]} e6 {[%clk 1:49:40]} 5. O-O {[%clk 1:50:02]} Be7 {[%clk 1:49:47]}
6. Nc3 {[%clk 1:48:39]} O-O {[%clk 1:49:44]} 7. Re1 {[%clk 1:47:35]} d5
{[%clk 1:48:45]} 8. cxd5 {[%clk 1:47:10]} exd5 {[%clk 1:48:45]} 9. d4
{[%clk 1:47:12]} c5 {[%clk 1:47:27]} 10. Bf4 {[%clk 1:44:07]} Nbd7
{[%clk 1:36:53]} 11. Rc1 {[%clk 1:39:35]} Re8 {[%clk 1:34:41]} 12. Qd3
{[%clk 1:26:48]} a6 {[%clk 1:19:34]} 13. Qb1 {[%clk 1:22:44]} c4 {[%clk 1:10:28]}
14. Nd2 {[%clk 1:09:38]} b5 {[%clk 1:05:32]} 15. e4 {[%clk 1:02:56]} dxe4
{[%clk 1:03:27]} 16. Ndxe4 {[%clk 1:00:31]} Qb6 {[%clk 0:57:53]} 17. Rcd1
{[%clk 0:54:52]} b4 {[%clk 0:50:18]} 18. Na4 {[%clk 0:43:58]} Qb5
{[%clk 0:49:50]} 19. Nac5 {[%clk 0:33:56]} Nxc5 {[%clk 0:45:53]} 20. Nxc5
{[%clk 0:21:08]} Bxg2 {[%clk 0:44:09]} 21. Kxg2 {[%clk 0:20:17]} Bxc5
{[%clk 0:44:08]} 22. dxc5 {[%clk 0:19:43]} Qxc5 {[%clk 0:43:28]} 23. Qc2
{[%clk 0:19:05]} Rxe1 {[%clk 0:34:55]} 24. Rxe1 {[%clk 0:19:11]} Rd8
{[%clk 0:34:38]} 25. Kg1 {[%clk 0:15:09]} Nd5 {[%clk 0:24:35]} 26. Rd1
{[%clk 0:08:06]} c3 {[%clk 0:15:53]} 27. Be3 {[%clk 0:04:26]} Qc6
{[%clk 0:10:35]} 28. Bd4 {[%clk 0:02:45]} Rc8 {[%clk 0:09:26]} 29. Rd3
{[%clk 0:01:16]} Qc4 {[%clk 0:05:35]} 30. b3 {[%clk 0:00:40]} Qc6
{[%clk 0:05:43]} 31. Rd1 {[%clk 0:00:32]} Nc7 {[%clk 0:04:59]} 32. Re1
{[%clk 0:00:14]} Ne6 {[%clk 0:04:44]} 33. Be3 {[%clk 0:00:13]} Rd8
{[%clk 0:02:57]} 34. a3 {[%clk 0:00:00]} 0-1

[Event "HSG Open 2017"]
[Site "Hilversum"]
[Date "2017.06.24"]
[Round "3.10"]
[White "Helm, Patrick"]
[Black "Witt, Rob"]
[Result "0-1"]
[BlackElo "2152"]
[WhiteElo "2111"]
[LiveChessVersion "1.4.8"]

1. d4 {[%clk 1:40:10]} e6 {[%clk 1:49:44]} 2. c4 {[%clk 1:39:56]} Nf6
{[%clk 1:48:57]} 3. Nc3 {[%clk 1:39:46]} Bb4 {[%clk 1:48:54]} 4. e3
{[%clk 1:39:47]} O-O {[%clk 1:48:47]} 5. Bd3 {[%clk 1:39:44]} d5 {[%clk 1:48:31]}
6. Nf3 {[%clk 1:38:43]} c5 {[%clk 1:47:29]} 7. O-O {[%clk 1:36:39]} cxd4
{[%clk 1:43:25]} 8. exd4 {[%clk 1:36:20]} dxc4 {[%clk 1:43:27]} 9. Bxc4
{[%clk 1:36:20]} b6 {[%clk 1:43:30]} 10. Qd3 {[%clk 1:35:16]} Bb7
{[%clk 1:40:18]} 11. Rd1 {[%clk 1:35:17]} Nbd7 {[%clk 1:36:04]} 12. Bb3
{[%clk 1:33:45]} Qb8 {[%clk 1:24:26]} 13. Bg5 {[%clk 1:29:09]} Bd6
{[%clk 1:21:42]} 14. h3 {[%clk 1:12:13]} h6 {[%clk 1:14:00]} 15. Bd2
{[%clk 1:00:15]} a6 {[%clk 1:13:38]} 16. Re1 {[%clk 0:59:48]} b5 {[%clk 1:12:13]}
17. a3 {[%clk 0:59:09]} Rd8 {[%clk 1:09:05]} 18. Rad1 {[%clk 0:56:27]} Nc5
{[%clk 1:07:28]} 19. Qc2 {[%clk 0:55:59]} Nxb3 {[%clk 1:07:24]} 20. Qxb3
{[%clk 0:56:04]} Bxf3 {[%clk 1:06:09]} 21. gxf3 {[%clk 0:56:07]} Be7
{[%clk 0:53:32]} 22. Be3 {[%clk 0:48:59]} Nd5 {[%clk 0:50:59]} 23. Ne4
{[%clk 0:45:36]} Nf4 {[%clk 0:49:14]} 24. Nc5 {[%clk 0:44:51]} Rd5
{[%clk 0:44:36]} 25. Bxf4 {[%clk 0:42:29]} Qxf4 {[%clk 0:44:36]} 26. Nxe6
{[%clk 0:42:33]} fxe6 {[%clk 0:44:33]} 27. Rxe6 {[%clk 0:42:38]} Rad8
{[%clk 0:44:26]} 28. Rde1 {[%clk 0:42:23]} Qf7 {[%clk 0:40:49]} 29. R1e4
{[%clk 0:39:26]} R5d6 {[%clk 0:39:00]} 30. Qe3 {[%clk 0:39:17]} Rxe6
{[%clk 0:38:42]} 31. Rxe6 {[%clk 0:39:22]} Bg5 {[%clk 0:36:16]} 32. Qe4
{[%clk 0:39:22]} Bf6 {[%clk 0:33:22]} 33. Rxa6 {[%clk 0:39:07]} Bxd4
{[%clk 0:33:09]} 34. b4 {[%clk 0:34:41]} Qd5 {[%clk 0:32:42]} 35. Kg2
{[%clk 0:33:53]} Qg5+ {[%clk 0:28:58]} 36. Qg4 {[%clk 0:32:30]} Qd2
{[%clk 0:26:00]} 37. Qh4 {[%clk 0:32:29]} Bf6 {[%clk 0:24:12]} 38. Qe4
{[%clk 0:32:28]} Rf8 {[%clk 0:22:27]} 39. Qe3 {[%clk 0:25:16]} Qd7
{[%clk 0:21:15]} 40. Ra7 {[%clk 0:24:47]} Qc6 {[%clk 0:20:59]} 41. Qe4
{[%clk 0:23:44]} Qb6 {[%clk 0:19:17]} 42. Rb7 {[%clk 0:23:28]} Qa6
{[%clk 0:19:22]} 43. Qd5+ {[%clk 0:23:00]} Kh8 {[%clk 0:19:26]} 44. Qxb5
{[%clk 0:22:09]} Qxa3 {[%clk 0:19:29]} 45. Qd5 {[%clk 0:18:36]} Qb2
{[%clk 0:19:08]} 46. Qe4 {[%clk 0:17:41]} Bd8 {[%clk 0:18:00]} 47. b5
{[%clk 0:13:16]} Qf6 {[%clk 0:18:00]} 48. Rd7 {[%clk 0:11:57]} Qg5+
{[%clk 0:17:39]} 49. Kf1 {[%clk 0:11:55]} Qxb5+ {[%clk 0:17:41]} 0-1

[Event "HSG Open 2017"]
[Site "Hilversum"]
[Date "2017.06.24"]
[Round "3.11"]
[White "Duson, Robin"]
[Black "Kokje, Joris"]
[Result "1/2-1/2"]
[BlackElo "2137"]
[WhiteElo "1898"]
[LiveChessVersion "1.4.8"]

1. e4 {[%clk 1:50:17]} c5 {[%clk 1:50:15]} 2. Nf3 {[%clk 1:50:23]} d6
{[%clk 1:50:20]} 3. d4 {[%clk 1:50:27]} cxd4 {[%clk 1:50:25]} 4. Nxd4
{[%clk 1:50:33]} Nf6 {[%clk 1:50:30]} 5. Nc3 {[%clk 1:50:37]} a6 {[%clk 1:50:37]}
6. f3 {[%clk 1:50:01]} e5 {[%clk 1:50:05]} 7. Nb3 {[%clk 1:50:02]} Be6
{[%clk 1:49:40]} 8. Be3 {[%clk 1:49:24]} h5 {[%clk 1:49:35]} 9. Qd2
{[%clk 1:43:16]} Be7 {[%clk 1:47:44]} 10. O-O-O {[%clk 1:41:18]} Nbd7
{[%clk 1:47:47]} 11. Be2 {[%clk 1:31:33]} b5 {[%clk 1:47:05]} 12. Qe1
{[%clk 1:14:18]} Qc7 {[%clk 1:41:54]} 13. Qf2 {[%clk 1:10:32]} Rc8
{[%clk 1:32:01]} 14. Bd3 {[%clk 1:07:09]} Nc5 {[%clk 1:23:09]} 15. Kb1
{[%clk 0:57:22]} O-O {[%clk 1:13:41]} 16. h3 {[%clk 0:48:28]} Na4
{[%clk 1:01:15]} 17. Ne2 {[%clk 0:34:51]} d5 {[%clk 0:55:57]} 18. Ng3
{[%clk 0:26:21]} g6 {[%clk 0:45:00]} 19. exd5 {[%clk 0:18:07]} Nxd5
{[%clk 0:44:20]} 20. Bh6 {[%clk 0:17:51]} Rfd8 {[%clk 0:41:31]} 21. Nxh5
{[%clk 0:14:23]} Nac3+ {[%clk 0:17:59]} 22. bxc3 {[%clk 0:11:15]} Nxc3+
{[%clk 0:18:05]} 23. Ka1 {[%clk 0:07:50]} Nxd1 {[%clk 0:15:43]} 24. Rxd1
{[%clk 0:07:48]} Qc3+ {[%clk 0:15:41]} 25. Kb1 {[%clk 0:07:48]} e4
{[%clk 0:14:48]} 26. fxe4 {[%clk 0:05:33]} gxh5 {[%clk 0:12:08]} 27. Qg3+
{[%clk 0:03:52]} Kh8 {[%clk 0:12:07]} 28. e5 {[%clk 0:02:55]} Rg8
{[%clk 0:12:01]} 29. Qf4 {[%clk 0:01:59]} Rxg2 {[%clk 0:10:57]} 30. Qe4
{[%clk 0:01:46]} Rg6 {[%clk 0:10:22]} 31. Bd2 {[%clk 0:01:29]} Qc6
{[%clk 0:07:38]} 32. Qe2 {[%clk 0:01:28]} Qg2 {[%clk 0:06:49]} 33. Qxh5+
{[%clk 0:01:24]} Kg8 {[%clk 0:06:56]} 34. Nd4 {[%clk 0:00:52]} Bxh3
{[%clk 0:03:40]} 35. e6 {[%clk 0:01:01]} Rg7 {[%clk 0:02:31]} 36. exf7+
{[%clk 0:00:52]} Rxf7 {[%clk 0:02:40]} 37. Re1 {[%clk 0:00:26]} Qxd2
{[%clk 0:01:57]} 38. Rg1+ {[%clk 0:00:27]} Bg2 {[%clk 0:02:06]} 39. Qg6+
{[%clk 0:00:33]} Rg7 {[%clk 0:02:13]} 40. Qe6+ {[%clk 0:00:41]} Rf7
{[%clk 0:02:12]} 41. Qxc8+ {[%clk 0:00:34]} Bf8 {[%clk 0:02:06]} 42. Qg4+
{[%clk 0:00:37]} Bg7 {[%clk 0:02:04]} 43. Qxg2 {[%clk 0:00:36]} Qb4+
{[%clk 0:02:04]} 44. Nb3 {[%clk 0:00:43]} Qc3 {[%clk 0:01:59]} 45. Qa8+
{[%clk 0:00:45]} Rf8 {[%clk 0:02:08]} 46. Qd5+ {[%clk 0:00:46]} Rf7
{[%clk 0:02:15]} 47. Rxg7+ {[%clk 0:00:28]} Kxg7 {[%clk 0:01:57]} 48. Qg5+
{[%clk 0:00:36]} Kf8 {[%clk 0:02:03]} 49. Qd8+ {[%clk 0:00:41]} Kg7
{[%clk 0:02:12]} 50. Qg5+ {[%clk 0:00:48]} Kf8 {[%clk 0:02:20]} 51. Qd8+
{[%clk 0:00:39]} Kg7 {[%clk 0:02:28]} 52. Qg5+ {[%clk 0:00:42]} 1/2-1/2

[Event "HSG Open 2017"]
[Site "Hilversum"]
[Date "2017.06.24"]
[Round "4.1"]
[White "Ducarmon, Quinten"]
[Black "Ten Hertog, Hugo"]
[Result "1/2-1/2"]
[BlackElo "2457"]
[WhiteElo "2470"]
[LiveChessVersion "1.4.8"]

1. e4 {[%clk 1:50:18]} g6 {[%clk 1:46:43]} 2. d4 {[%clk 1:50:23]} Bg7
{[%clk 1:46:46]} 3. Nc3 {[%clk 1:50:27]} d6 {[%clk 1:46:53]} 4. Be3
{[%clk 1:50:12]} c6 {[%clk 1:45:25]} 5. Nf3 {[%clk 1:49:32]} Nf6 {[%clk 1:42:02]}
6. h3 {[%clk 1:36:04]} O-O {[%clk 1:40:00]} 7. Bd3 {[%clk 1:30:04]} Nbd7
{[%clk 1:30:23]} 8. e5 {[%clk 1:19:50]} dxe5 {[%clk 1:23:44]} 9. dxe5
{[%clk 1:19:18]} Nd5 {[%clk 1:23:48]} 10. Nxd5 {[%clk 1:17:59]} cxd5
{[%clk 1:23:49]} 11. Bd4 {[%clk 1:16:24]} Qc7 {[%clk 0:57:37]} 12. Qe2
{[%clk 1:15:06]} Nc5 {[%clk 0:57:41]} 13. Bxc5 {[%clk 1:08:16]} Qxc5
{[%clk 0:57:44]} 14. c3 {[%clk 0:53:53]} f6 {[%clk 0:54:50]} 15. O-O
{[%clk 0:51:32]} fxe5 {[%clk 0:46:57]} 16. Nxe5 {[%clk 0:51:37]} Bf5
{[%clk 0:47:02]} 17. Rad1 {[%clk 0:49:03]} Rae8 {[%clk 0:43:53]} 18. Kh1
{[%clk 0:42:33]} Bxe5 {[%clk 0:27:03]} 19. Qxe5 {[%clk 0:42:33]} Bxd3
{[%clk 0:27:11]} 20. Qe6+ {[%clk 0:35:20]} Kh8 {[%clk 0:23:28]} 21. Rxd3
{[%clk 0:35:05]} Rf5 {[%clk 0:22:45]} 22. Re3 {[%clk 0:21:10]} Qc6
{[%clk 0:18:40]} 23. Kg1 {[%clk 0:17:05]} Qxe6 {[%clk 0:18:06]} 24. Rxe6
{[%clk 0:17:12]} Kg7 {[%clk 0:18:11]} 25. Rfe1 {[%clk 0:16:07]} Kf7
{[%clk 0:18:16]} 26. g3 {[%clk 0:15:44]} Rf6 {[%clk 0:17:18]} 27. R6e5
{[%clk 0:15:46]} Rd6 {[%clk 0:17:23]} 28. h4 {[%clk 0:13:20]} 1/2-1/2

[Event "HSG Open 2017"]
[Site "Hilversum"]
[Date "2017.06.24"]
[Round "4.2"]
[White "Wunnink, Michael"]
[Black "Beerdsen, Thomas"]
[Result "0-1"]
[BlackElo "2455"]
[WhiteElo "2205"]
[LiveChessVersion "1.4.8"]

1. d4 {[%clk 1:50:18]} Nf6 {[%clk 1:48:22]} 2. c4 {[%clk 1:50:19]} e6
{[%clk 1:48:27]} 3. Nc3 {[%clk 1:50:05]} Bb4 {[%clk 1:48:31]} 4. Qc2
{[%clk 1:49:22]} O-O {[%clk 1:48:28]} 5. Nf3 {[%clk 1:49:10]} d5 {[%clk 1:48:12]}
6. cxd5 {[%clk 1:47:27]} exd5 {[%clk 1:48:06]} 7. Bf4 {[%clk 1:46:34]} c5
{[%clk 1:48:07]} 8. dxc5 {[%clk 1:45:32]} Bxc5 {[%clk 1:38:47]} 9. e3
{[%clk 1:42:05]} Nc6 {[%clk 1:26:45]} 10. Be2 {[%clk 1:29:22]} d4 11. exd4
{[%clk 1:14:41]} Nxd4 {[%clk 1:23:58]} 12. Nxd4 {[%clk 1:14:41]} Qxd4
{[%clk 1:23:50]} 13. Be3 {[%clk 1:14:07]} Qe5 {[%clk 1:23:53]} 14. Bxc5
{[%clk 1:13:58]} Qxc5 {[%clk 1:23:50]} 15. O-O {[%clk 1:13:46]} Be6
{[%clk 1:22:40]} 16. Bf3 Rab8 17. Rac1 {[%clk 1:04:16]} b5 {[%clk 1:15:04]} 18.
a4 {[%clk 0:46:05]} b4 19. Nd5 {[%clk 0:43:03]} Qxc2 {[%clk 1:09:08]} 20. Nxf6+
{[%clk 0:40:11]} gxf6 {[%clk 1:09:12]} 21. Rxc2 {[%clk 0:40:12]} Rfc8 22. Rfc1
Rxc2 {[%clk 1:08:10]} 23. Rxc2 {[%clk 0:38:00]} Bb3 {[%clk 1:08:15]} 24. Rc7
{[%clk 0:37:40]} a5 {[%clk 1:06:40]} 25. Ra7 {[%clk 0:37:03]} Rc8 26. h3
{[%clk 0:20:53]} Rc5 {[%clk 1:00:09]} 27. Ra6 {[%clk 0:19:48]} Bxa4
{[%clk 1:00:02]} 28. Rxf6 {[%clk 0:19:30]} Bb5 {[%clk 0:54:38]} 29. Rb6
{[%clk 0:10:45]} a4 {[%clk 0:53:34]} 30. Be4 {[%clk 0:09:31]} f5 {[%clk 0:50:39]}
31. Bb7 {[%clk 0:03:57]} b3 {[%clk 0:44:47]} 32. Bc8 {[%clk 0:03:15]} Be8
{[%clk 0:33:06]} 33. Be6+ {[%clk 0:03:02]} Kf8 {[%clk 0:32:28]} 34. Rb8
{[%clk 0:00:16]} Ke7 {[%clk 0:32:25]} 35. Bxb3 {[%clk 0:00:17]} axb3
{[%clk 0:32:30]} 36. Rxb3 {[%clk 0:00:23]} Bb5 {[%clk 0:32:08]} 37. Kh2
{[%clk 0:00:24]} Kf6 {[%clk 0:32:09]} 38. f4 {[%clk 0:00:15]} Bc6
{[%clk 0:32:09]} 39. Rg3 {[%clk 0:00:14]} Rc2 {[%clk 0:31:59]} 40. b3
{[%clk 0:00:14]} Rf2 {[%clk 0:31:59]} 41. b4 {[%clk 0:00:12]} Rxf4
{[%clk 0:32:02]} 42. Rc3 {[%clk 0:00:20]} Bd5 {[%clk 0:31:57]} 43. b5
{[%clk 0:00:22]} Rf2 {[%clk 0:31:52]} 44. Rg3 {[%clk 0:00:20]} f4
{[%clk 0:31:29]} 0-1

[Event "HSG Open 2017"]
[Site "Hilversum"]
[Date "2017.06.24"]
[Round "4.3"]
[White "Van de Griendt, Jan Willem"]
[Black "Witt, Rob"]
[Result "1-0"]
[BlackElo "2152"]
[WhiteElo "2360"]
[LiveChessVersion "1.4.8"]

1. d4 {[%clk 1:39:38]} e6 {[%clk 1:50:12]} 2. e4 {[%clk 1:38:29]} d5
{[%clk 1:50:13]} 3. Nd2 {[%clk 1:38:33]} c5 {[%clk 1:49:58]} 4. exd5
{[%clk 1:37:43]} Qxd5 {[%clk 1:49:51]} 5. Ngf3 {[%clk 1:37:30]} cxd4
{[%clk 1:49:45]} 6. Bc4 {[%clk 1:36:57]} Qd6 {[%clk 1:49:47]} 7. O-O
{[%clk 1:36:46]} Nf6 {[%clk 1:49:43]} 8. Nb3 {[%clk 1:36:29]} Nc6
{[%clk 1:49:39]} 9. Nbxd4 {[%clk 1:34:18]} Nxd4 {[%clk 1:49:32]} 10. Qxd4
{[%clk 1:34:23]} Qxd4 {[%clk 1:44:25]} 11. Nxd4 {[%clk 1:34:26]} a6
{[%clk 1:44:27]} 12. Be2 {[%clk 1:30:37]} Bd6 {[%clk 1:39:37]} 13. Rd1
{[%clk 1:25:40]} Bc7 {[%clk 1:38:42]} 14. Be3 {[%clk 1:20:12]} O-O
{[%clk 1:38:17]} 15. c4 {[%clk 1:19:01]} e5 {[%clk 1:30:11]} 16. Nb3
{[%clk 1:18:00]} Bd7 {[%clk 1:27:31]} 17. Bf3 {[%clk 1:11:03]} e4
{[%clk 1:22:33]} 18. Bxe4 {[%clk 1:08:24]} Bg4 {[%clk 1:20:00]} 19. Bf3
{[%clk 1:03:07]} Bxf3 {[%clk 1:15:36]} 20. gxf3 {[%clk 1:03:07]} Rfe8
{[%clk 1:11:31]} 21. Rd2 {[%clk 0:59:25]} h6 {[%clk 1:05:53]} 22. Rad1
{[%clk 0:51:08]} Rac8 {[%clk 1:02:41]} 23. a3 {[%clk 0:48:55]} Be5
{[%clk 0:55:22]} 24. Na5 {[%clk 0:46:23]} Rb8 {[%clk 0:54:23]} 25. c5
{[%clk 0:38:33]} Bc7 {[%clk 0:53:26]} 26. Nc4 {[%clk 0:38:36]} Kf8
{[%clk 0:47:58]} 27. b4 {[%clk 0:35:37]} Nh5 {[%clk 0:42:23]} 28. Rd7
{[%clk 0:33:19]} Re7 {[%clk 0:42:05]} 29. c6 {[%clk 0:32:49]} 1-0

[Event "HSG Open 2017"]
[Site "Hilversum"]
[Date "2017.06.24"]
[Round "4.4"]
[White "Wiersma, Eelke"]
[Black "Hilwerda, Jonas"]
[Result "1-0"]
[BlackElo "2068"]
[WhiteElo "2350"]
[LiveChessVersion "1.4.8"]

1. d4 {[%clk 1:50:11]} Nf6 {[%clk 1:50:16]} 2. c4 {[%clk 1:50:12]} e6
{[%clk 1:50:23]} 3. Nc3 {[%clk 1:50:13]} Bb4 {[%clk 1:50:11]} 4. g3
{[%clk 1:50:13]} c5 {[%clk 1:49:15]} 5. Nf3 {[%clk 1:50:12]} cxd4
{[%clk 1:48:32]} 6. Nxd4 {[%clk 1:50:14]} Ne4 {[%clk 1:46:59]} 7. Qd3
{[%clk 1:50:10]} Qa5 {[%clk 1:46:17]} 8. Nb3 {[%clk 1:44:49]} Nxc3
{[%clk 1:45:15]} 9. Bd2 {[%clk 1:43:28]} Ne4 {[%clk 1:45:12]} 10. Qxe4
{[%clk 1:42:33]} Bxd2+ {[%clk 1:45:17]} 11. Nxd2 {[%clk 1:42:37]} O-O
{[%clk 1:44:12]} 12. Bg2 {[%clk 1:41:56]} Nc6 {[%clk 1:44:18]} 13. Qe3
{[%clk 1:41:28]} d5 {[%clk 1:44:07]} 14. O-O {[%clk 1:39:50]} d4 {[%clk 1:43:59]}
15. Qd3 {[%clk 1:39:30]} e5 {[%clk 1:39:48]} 16. a3 {[%clk 1:39:15]} Qc7
{[%clk 1:31:37]} 17. b4 {[%clk 1:35:22]} Be6 {[%clk 1:30:00]} 18. Ne4
{[%clk 1:24:40]} Ne7 {[%clk 1:17:34]} 19. Nc5 {[%clk 1:16:39]} Rab8
{[%clk 1:10:33]} 20. Nxe6 {[%clk 1:11:03]} fxe6 {[%clk 1:09:58]} 21. Rac1
{[%clk 1:11:00]} Rbc8 {[%clk 1:03:22]} 22. Qe4 {[%clk 1:04:45]} b6
{[%clk 0:59:05]} 23. Bh3 {[%clk 0:59:05]} Rf6 {[%clk 0:45:51]} 24. f4
{[%clk 0:53:10]} Rcf8 {[%clk 0:44:40]} 25. fxe5 {[%clk 0:51:00]} Rxf1+
{[%clk 0:44:40]} 26. Bxf1 {[%clk 0:51:03]} Nc6 {[%clk 0:35:27]} 27. Bh3
{[%clk 0:47:35]} Re8 {[%clk 0:30:32]} 28. Rd1 {[%clk 0:44:41]} h6
{[%clk 0:15:29]} 29. Bg2 {[%clk 0:39:54]} Rc8 {[%clk 0:13:20]} 30. Qxc6
{[%clk 0:36:44]} Qxc6 {[%clk 0:13:28]} 31. Bxc6 {[%clk 0:36:47]} Rxc6
{[%clk 0:13:37]} 32. Rxd4 {[%clk 0:36:54]} Rc7 {[%clk 0:12:29]} 33. Kf2
{[%clk 0:35:57]} Kf7 {[%clk 0:11:45]} 34. Ke3 {[%clk 0:34:40]} Ke7
{[%clk 0:10:10]} 35. Kd3 {[%clk 0:33:33]} Rc8 {[%clk 0:07:49]} 36. Rd6
{[%clk 0:32:54]} Rf8 {[%clk 0:06:17]} 37. c5 {[%clk 0:31:52]} bxc5
{[%clk 0:05:23]} 38. bxc5 {[%clk 0:29:47]} Rc8 {[%clk 0:03:30]} 39. Kc4
{[%clk 0:28:25]} Rc7 {[%clk 0:02:29]} 40. c6 {[%clk 0:27:55]} Kf7
{[%clk 0:01:40]} 41. Kc5 {[%clk 0:27:50]} Ke7 {[%clk 0:01:45]} 42. Rd4
{[%clk 0:27:37]} Ke8 {[%clk 0:01:07]} 43. Kd6 {[%clk 0:26:39]} Rc8
{[%clk 0:01:14]} 44. c7 {[%clk 0:26:23]} 1-0